PANE ELÉTRICA TOTAL - Statistics

Estatísticas Gerais
  • Esse quiz foi jogado 440 vezes
  • A pontuação média é 4 de 7
Estatísticas das Respostas
Hint Resposta % Correto
1 Proceder como PANE TREM E RÁDIO SIMULTÂNEAS
74%
2 Não será possível acender luzes, nem ter qualquer informação que dependa de eletricidade
72%
3 Baixar o trem em EMG
58%
6 Observar sinais luminosos na PV e na Final
58%
7 Pousar sem flapes, parar sobre a pista, cortar motor e aguardar reboque
56%
4 Proceder como PANE TREM, SEM INDICAÇÃO DE PELO MENOS UMA PERNA TRAVADA EMBAIXO
56%
5 Torre declara Tráfego de Segurança
47%
Nenhum quiz correspondente encontrado
Distribuição das Pontuações
Porcentagem de Pessoas com Cada Pontuação
Percentil de Números Respondidos
Sua Pontuação Histórica
Você não jogou esse quiz